Исследования по теории чисел (Запись № 30710)

Подробности
000 -МАРКЕР
контрольное поле 01090nam a22002531i 4500
001 - КОНТРОЛЬНЫЙ НОМЕР ЗАПИСИ
контрольное поле 000030710
003 - ПРИНАДЛЕЖНОСТЬ КОНТРОЛЬНОГО НОМЕРА
контрольное поле RuMoIPM
005 - ДАТА И ВРЕМЯ ПОСЛЕДНЕЙ ТРАНЗАКЦИИ
контрольное поле 20260602113334.0
008 - ЭЛЕМЕНТЫ ДАННЫХ ФИКСИРОВАННОЙ ДЛИНЫ
контрольное поле 041129s1981----ru | c rus
040 ## - ОРГАНИЗАЦИЯ-СОЗДАТЕЛЬ ЗАПИСИ
организация-создатель исходной библиографической записи RuMoIPM
язык каталогизации rus
правила каталогизации rcr
041 0# - КОД ЯЗЫКА
код языка текста Русский
044 ## - КОД СТРАНЫ ПУБЛИКАЦИИ/ИЗГОТОВЛЕНИЯ
MARC код страны публикации/изготовления Российская Федерация
080 ## - ИНДЕКС УНИВЕРСАЛЬНОЙ ДЕСЯТИЧНОЙ КЛАССИФИКАЦИИ
индекс Универсальной десятичной классификации 511
100 1# - ИМЯ ЛИЦА КАК ОСНОВНОЙ ПОИСКОВЫЙ ПРИЗНАК
имя лица Венков, Борис Алексеевич
245 1# - ОБЛАСТЬ ЗАГЛАВИЯ И СВЕДЕНИЙ ОБ ОТВЕТСТВЕННОСТИ
заглавие Исследования по теории чисел
сведения, относящиеся к заглавию, и т. д Избранные труды
сведения об ответственности и т. д Б. А. Венков ; [Отв. ред. А. В. Малышев, Б. Ф. Скубенко]
260 ## - ОБЛАСТЬ ВЫХОДНЫХ ДАННЫХ
место публикации, распространения, изготовления и т. д Ленинград
издательство, издатель, распространитель и т. д Наука
дата издания, распространения и т. д 1981
300 ## - ОБЛАСТЬ КОЛИЧЕСТВЕННОЙ ХАРАКТЕРИСТИКИ
объём 448 с., [2] л. портр.
прочее ил.
500 ## - ПРИМЕЧАНИЕ ОБЩЕГО ХАРАКТЕРА
текст примечания Загл. пер. и корешка: Избранные труды
500 ## - ПРИМЕЧАНИЕ ОБЩЕГО ХАРАКТЕРА
текст примечания В надзаг.: АН СССР, Мат. ин-т им. В.А. Стеклова
504 ## - ПРИМЕЧАНИЕ О НАЛИЧИИ БИБЛИОГРАФИЧЕСКИХ ПЕРЕЧНЕЙ И ССЫЛОК
текст примечания Печ. работы Б.А. Венкова: с. 446-447
504 ## - ПРИМЕЧАНИЕ О НАЛИЧИИ БИБЛИОГРАФИЧЕСКИХ ПЕРЕЧНЕЙ И ССЫЛОК
текст примечания Библиогр. в конце работ
505 0# - ФОРМАТИРОВАННОЕ ПРИМЕЧАНИЕ О СОДЕРЖАНИИ
текст примечания В прил.: Борис Алексеевич Венков (1900-1962) / Б.Б. Венков, А.В. Малышев
942 ## - ДАННЫЕ О ЗАПИСИ (KOHA)
Тип экземпляра (KOHA) Книга
Экземпляры
Статус выдачи Библиотека держатель Текущая библиотека Местонахождение Шифр хранения Тип экземпляра
  Институт прикладной математики им. М.В. Келдыша Институт прикладной математики им. М.В. Келдыша Миусская 511.2 / В 29 Книга